00665nam a2200169 a 450000100100000000500170001000800410002704000250006804100080009310000430010124500840014426000480022830000280027665000240030495201500032899900170047800003547520250512110523.0111101s1885 fr a 000 0 fre d aDO-SdBNPbspacBNPHU17afre1 aFlammarion, Camille,d1842-192596134110aAstronomie populaire :bdescription générale du ciel /cCamille Flammarion. aParis :bC. Marpon et E. Flammarion,c1885. a839 p. :bil. ;c28 cm.20aAstronomía925809 0010507-18MOaGRbGRcOId2011-11-01iLF1l0o p35475-10r2020-06-25w2020-06-25y1zBiblioteca Juan Isidro Jiménes GrullónZNo se presta c34966d34966